<?xml version="1.0" encoding="UTF-8"?><?xml-stylesheet type="text/xsl" href="static/style.xsl"?><OAI-PMH xmlns="http://www.openarchives.org/OAI/2.0/" xmlns:xsi="http://www.w3.org/2001/XMLSchema-instance" xsi:schemaLocation="http://www.openarchives.org/OAI/2.0/ http://www.openarchives.org/OAI/2.0/OAI-PMH.xsd"><responseDate>2026-06-05T12:26:33Z</responseDate><request verb="GetRecord" identifier="oai:riuma.uma.es:10630/37842" metadataPrefix="marc">https://riuma.uma.es/rest/oai/request</request><GetRecord><record><header><identifier>oai:riuma.uma.es:10630/37842</identifier><datestamp>2026-02-03T11:05:00Z</datestamp><setSpec>com_10630_2254</setSpec><setSpec>col_10630_37953</setSpec></header><metadata><record xmlns="http://www.loc.gov/MARC21/slim" xmlns:dcterms="http://purl.org/dc/terms/" xmlns:doc="http://www.lyncode.com/xoai" xmlns:xsi="http://www.w3.org/2001/XMLSchema-instance" xsi:schemaLocation="http://www.loc.gov/MARC21/slim http://www.loc.gov/standards/marcxml/schema/MARC21slim.xsd">
   <leader>00925njm 22002777a 4500</leader>
   <datafield ind2=" " ind1=" " tag="042">
      <subfield code="a">dc</subfield>
   </datafield>
   <datafield ind2=" " ind1=" " tag="720">
      <subfield code="a">Ruiz-Muñoz, María</subfield>
      <subfield code="e">author</subfield>
   </datafield>
   <datafield ind2=" " ind1=" " tag="720">
      <subfield code="a">González-Sánchez, Manuel</subfield>
      <subfield code="e">author</subfield>
   </datafield>
   <datafield ind2=" " ind1=" " tag="720">
      <subfield code="a">Cuesta-Vargas, Antonio</subfield>
      <subfield code="e">author</subfield>
   </datafield>
   <datafield ind2=" " ind1=" " tag="260">
      <subfield code="c">2015</subfield>
   </datafield>
   <datafield ind2=" " ind1=" " tag="520">
      <subfield code="a">Background: The purpose of the present study is to establish the relationship and degree of contribution between torque and sonomiography variables (pennation angle - muscle thickness), and electromyography variables (EMGAreaUnderCurve - EMGMaximalPeak) of the tibialis anterior muscle during (TA) maximal and relative isometric foot dorsiflexion (IFD). Secondary aim: To determine the measurement's reliability.&#xd;
Methods: Cross-sectional study. 31 participants (15 men; 16 women) performed IFD at different intensities (100, 75, 50, and 25 %) of the maximal voluntary contraction (MVC) (three times for each intensity).&#xd;
Outcome variables: To determine the torque, pennation angle, muscle thickness, EMGMaximalPeak, and EMGAreaUnderCurve.&#xd;
Statistical analysis: In order to test the measurement's reliability, Cronbach's alpha and standard error of the measurement were determined. An inferential analysis was carried out using Pearson correlations(r). For each contraction intensity, a multiple regression analysis was performed, where the dependent variable was torque and the independent variables were EMGAreaUnderCurve, EMGMaximalPeak, muscle thickness and pennation angle.&#xd;
Results: All outcome variables show excellent reliability. The highest correlation value was 0.955 (thickness 100 % - thickness 25 %). R (2) values ranged from 0.713 (100 % MVC) to 0.588 (25 % MVC).&#xd;
Conclusion: The outcome variables demonstrated excellent reliability in terms of measuring IFD at different intensities. The correlations between all outcome variables were moderate-to-strong. TA functional and architectural variables have a significant impact on the torque variance during IFD at different intensities.</subfield>
   </datafield>
   <datafield ind1="8" ind2=" " tag="024">
      <subfield code="a">Ruiz Muñoz M, González-Sánchez M, Cuesta-Vargas AI. Tibialis anterior analysis from functional and architectural perspective during isometric foot dorsiflexion: a cross-sectional study of repeated measures. J Foot Ankle Res. 2015 Dec 18;8:74. doi: 10.1186/s13047-015-0132-3. PMID: 26688692; PMCID: PMC4684620.</subfield>
   </datafield>
   <datafield ind1="8" ind2=" " tag="024">
      <subfield code="a">https://hdl.handle.net/10630/37842</subfield>
   </datafield>
   <datafield ind1="8" ind2=" " tag="024">
      <subfield code="a">10.1186/s13047-015-0132-3</subfield>
   </datafield>
   <datafield tag="653" ind2=" " ind1=" ">
      <subfield code="a">Pies - Propiedades mecánicas</subfield>
   </datafield>
   <datafield ind2="0" ind1="0" tag="245">
      <subfield code="a">Tibialis anterior analysis from functional and architectural perspective during isometric foot dorsiflexion: a cross-sectional study of repeated measures</subfield>
   </datafield>
</record>
</metadata></record></GetRecord></OAI-PMH>